[Event "4NCL/Div2/WES1 vs. SWD1"]
[Site "Sunningdale ENG"]
[Date "2007.09.15"]
[Round "1.2"]
[White "Cooper, John G"]
[Black "Poulton, James"]
[Result "1/2-1/2"]
[WhiteElo "2366"]
[BlackElo "2372"]
[PlyCount "82"]
[EventDate "2007.09.15"]
[EventType "team"]
[EventRounds "11"]
[EventCountry "ENG"]
[SourceDate "2007.09.15"]
[WhiteTeam "S. Wales Dragons 1"]
[BlackTeam "Wessex 1"]

1. c4 e5 2. g3 g6 3. d4 d6 4. dxe5 dxe5 5. Qxd8+ Kxd8 6. Bg2 c6 7. b3 Bb4+ 8.
Bd2 Bxd2+ 9. Nxd2 Nf6 10. Ngf3 Re8 11. O-O-O Kc7 12. Ng5 Be6 13. Nde4 Nxe4 14.
Nxe4 Nd7 15. f4 exf4 16. gxf4 Bf5 17. Ng3 Bg4 18. Rhe1 Nf6 19. h3 Re3 20. Nf1
Rxe2 21. hxg4 Rxg2 22. Re7+ Kb6 23. Ne3 Re2 24. Rxf7 Rxe3 25. Rxf6 Rf3 26. Rf7
Re8 27. Rd2 h5 28. gxh5 gxh5 29. Rh7 Re1+ 30. Kb2 Rh1 31. c5+ Kxc5 32. Rxb7
Rxf4 33. Rxa7 h4 34. Ra5+ Kb6 35. Rh5 h3 36. Rh6 Rg4 37. Rc2 Rg2 38. Rhxc6+ Kb7
39. Rc7+ Kb6 40. R7c6+ Kb7 41. Rc7+ Kb6 1/2-1/2

[Event "4NCL/Div2/WES1 vs. SWD1"]
[Site "Sunningdale ENG"]
[Date "2007.09.15"]
[Round "1.3"]
[White "Upton, Ian J"]
[Black "Blackburn, Jonathan L B"]
[Result "1/2-1/2"]
[WhiteElo "2263"]
[BlackElo "2215"]
[PlyCount "81"]
[EventDate "2007.09.15"]
[EventType "team"]
[EventRounds "11"]
[EventCountry "ENG"]
[SourceDate "2007.09.15"]
[WhiteTeam "Wessex 1"]
[BlackTeam "S. Wales Dragons 1"]

1. d4 e6 2. c4 Nf6 3. Nc3 Bb4 4. e3 b6 5. Nge2 Ne4 6. Qc2 Bb7 7. a3 Bxc3+ 8.
Nxc3 f5 9. b3 d6 10. Bb2 Nd7 11. O-O-O Nxc3 12. Bxc3 Qf6 13. f3 Qh6 14. Kb2 O-O
15. Re1 a5 16. Bd3 Rae8 17. b4 axb4 18. axb4 Ra8 19. h3 b5 20. c5 Bd5 21. Ra1
Qxe3 22. Bxb5 c6 23. Rxa8 Rxa8 24. Ba4 dxc5 25. dxc5 Rb8 26. Ka1 Qf4 27. Rd1
Qc4 28. Be1 Qa6 29. Rd3 Ne5 30. Ra3 Qf1 31. Qf2 Qc4 32. Qc2 Ra8 33. Qxc4 Nxc4
34. Ra2 Ne3 35. Bb3 Nc2+ 36. Kb1 Rxa2 37. Bxa2 Ne3 38. Bd2 Bxa2+ 39. Kxa2 Nd5
40. Kb3 Kf7 41. Kc4 1/2-1/2

[Event "4NCL/Div2/WES1 vs. SWD1"]
[Site "Sunningdale ENG"]
[Date "2007.09.15"]
[Round "1.4"]
[White "Morris, Charles F"]
[Black "Corkett, Anthony R"]
[Result "1-0"]
[WhiteElo "2198"]
[BlackElo "2312"]
[PlyCount "81"]
[EventDate "2007.09.15"]
[EventType "team"]
[EventRounds "11"]
[EventCountry "ENG"]
[SourceDate "2007.09.15"]
[WhiteTeam "S. Wales Dragons 1"]
[BlackTeam "Wessex 1"]

1. Nf3 Nf6 2. c4 e6 3. Nc3 Bb4 4. Qc2 O-O 5. a3 Bxc3 6. Qxc3 d6 7. b4 e5 8. Bb2
Nc6 9. e3 Bg4 10. d3 Re8 11. Be2 a5 12. b5 Ne7 13. h3 Bd7 14. g4 Bc8 15. Nd2
Ng6 16. g5 Nd7 17. h4 Ngf8 18. a4 f5 19. Nb3 c5 20. Bf3 Ra7 21. Bd5+ Kh8 22. f4
Qe7 23. O-O b6 24. Rae1 Ne6 25. Nd2 Bb7 26. Bc6 Bxc6 27. bxc6 Nb8 28. fxe5 Nxc6
29. Rxf5 Nxe5 30. Ref1 Rf8 31. d4 Rxf5 32. Rxf5 Ng6 33. Nf3 Qd7 34. h5 Nxd4 35.
Nxd4 cxd4 36. Qd3 Ne7 37. Rf8+ Ng8 38. Qxd4 Qe7 39. Rf5 h6 40. g6 Nf6 41. Qf4
1-0

[Event "4NCL/Div2/WES1 vs. SWD1"]
[Site "Sunningdale ENG"]
[Date "2007.09.15"]
[Round "1.5"]
[White "Webb, Richard M"]
[Black "James, David J"]
[Result "1/2-1/2"]
[WhiteElo "2257"]
[BlackElo "2220"]
[PlyCount "40"]
[EventDate "2007.09.15"]
[EventType "team"]
[EventRounds "11"]
[EventCountry "ENG"]
[SourceDate "2007.09.15"]
[WhiteTeam "Wessex 1"]
[BlackTeam "S. Wales Dragons 1"]

1. e4 c5 2. Nc3 d6 3. Nge2 Nf6 4. g3 Nc6 5. Bg2 e6 6. d4 cxd4 7. Nxd4 Nxd4 8.
Qxd4 Bd7 9. O-O Bc6 10. b3 Qc7 11. Qd3 a6 12. Bb2 Be7 13. Ne2 b5 14. c4 bxc4
15. Qxc4 Qb7 16. Bxf6 Bxf6 17. Rac1 Rc8 18. Nd4 Bd7 19. Qd3 Rxc1 20. Rxc1 Qb6
1/2-1/2

[Event "4NCL/Div2/WES1 vs. SWD1"]
[Site "Sunningdale ENG"]
[Date "2007.09.15"]
[Round "1.6"]
[White "Zeidler, Sven P"]
[Black "Simons, Martin J"]
[Result "1/2-1/2"]
[WhiteElo "2216"]
[BlackElo "2220"]
[PlyCount "124"]
[EventDate "2007.09.15"]
[EventType "team"]
[EventRounds "11"]
[EventCountry "ENG"]
[SourceDate "2007.09.15"]
[WhiteTeam "S. Wales Dragons 1"]
[BlackTeam "Wessex 1"]

1. e4 Nc6 2. Nf3 d5 3. exd5 Qxd5 4. Nc3 Qa5 5. Bb5 Bd7 6. O-O a6 7. Bxc6 Bxc6
8. d4 O-O-O 9. Ne5 Be8 10. b4 Qb6 11. Be3 f6 12. Nd3 Qc6 13. Nc5 e6 14. a4 Bxc5
15. b5 Qb6 16. dxc5 Rxd1 17. cxb6 Rxa1 18. Rxa1 Ne7 19. Rb1 axb5 20. axb5 Bg6
21. bxc7 Kxc7 22. b6+ Kc6 23. Rb4 Rc8 24. Ne4 Bxe4 25. Rxe4 e5 26. Rc4+ Kb5 27.
Rh4 h6 28. f4 Nf5 29. Rh3 Rc3 30. Bd2 Rxh3 31. gxh3 Nd4 32. Kf2 Nxc2 33. fxe5
fxe5 34. Kf3 Nd4+ 35. Ke4 Kxb6 36. Be3 Kc6 37. Kxe5 Nf3+ 38. Kf5 Kd5 39. Bb6
Ne5 40. h4 g6+ 41. Kf4 Nc4 42. Bd8 b5 43. Be7 Nd6 44. Bf8 Nf7 45. h5 gxh5 46.
Kf5 h4 47. Kg4 Ne5+ 48. Kh5 h3 49. Bxh6 b4 50. Bd2 b3 51. Bc3 Nf3 52. Kg4 Nxh2+
53. Kxh3 Kc4 54. Ba1 Nf1 55. Kg2 Ne3+ 56. Kf3 Kd3 57. Kf4 Nd1 58. Ke5 Kc2 59.
Kd4 Nb2 60. Kc5 Kb1 61. Kb4 Ka2 62. Kc3 Ka3 1/2-1/2

[Event "4NCL/Div2/WES1 vs. SWD1"]
[Site "Sunningdale ENG"]
[Date "2007.09.15"]
[Round "1.7"]
[White "Lock, Gavin R"]
[Black "Trevelyan, John"]
[Result "1/2-1/2"]
[WhiteElo "2193"]
[BlackElo "2196"]
[PlyCount "91"]
[EventDate "2007.09.15"]
[EventType "team"]
[EventRounds "11"]
[EventCountry "ENG"]
[SourceDate "2007.09.15"]
[WhiteTeam "Wessex 1"]
[BlackTeam "S. Wales Dragons 1"]

1. Nf3 d6 2. d4 Nf6 3. c4 Nbd7 4. Nc3 e5 5. e4 c6 6. Be2 Be7 7. O-O O-O 8. Be3
h6 9. d5 c5 10. Ne1 Nh7 11. Nd3 Bg5 12. Qd2 a6 13. Rab1 Bxe3 14. Qxe3 Qg5 15.
Qxg5 hxg5 16. b4 Nhf6 17. bxc5 Nxc5 18. Nxc5 dxc5 19. Bd3 g6 20. Na4 Nd7 21.
Nb6 Nxb6 22. Rxb6 Rd8 23. f3 Kf8 24. g3 Ke7 25. f4 gxf4 26. gxf4 Rd6 27. Rxd6
Kxd6 28. fxe5+ Kxe5 29. Rxf7 b5 30. cxb5 axb5 31. Bxb5 Rxa2 32. Rf2 Rxf2 33.
Kxf2 Kxe4 34. d6 Ke5 35. d7 Bxd7 36. Bxd7 Kf6 37. Ke3 g5 38. Ke4 g4 39. Bxg4
Kg7 40. Kd5 Kh8 41. Kxc5 Kg7 42. Kd6 Kh8 43. Ke7 Kg7 44. Be6 Kh8 45. Kf6 Kh7
46. Bf5+ 1/2-1/2

[Event "4NCL/Div2/WES1 vs. SWD1"]
[Site "Sunningdale ENG"]
[Date "2007.09.15"]
[Round "1.8"]
[White "van Kemenade, Julie"]
[Black "Khoo, Selina"]
[Result "0-1"]
[WhiteElo "1764"]
[BlackElo "1991"]
[PlyCount "98"]
[EventDate "2007.09.15"]
[EventType "team"]
[EventRounds "11"]
[EventCountry "ENG"]
[SourceDate "2007.09.15"]
[WhiteTeam "S. Wales Dragons 1"]
[BlackTeam "Wessex 1"]

1. e4 c6 2. d4 d5 3. e5 c5 4. c3 Nc6 5. f4 e6 6. Nf3 cxd4 7. cxd4 Nge7 8. Bd3
Qb6 9. Na3 Ng6 10. Nc2 Bd7 11. a3 Rc8 12. O-O Na5 13. Ng5 Be7 14. f5 exf5 15.
Bxf5 Bxf5 16. Rxf5 Bxg5 17. Bxg5 Qxb2 18. Nb4 O-O 19. Nxd5 Nb3 20. Rb1 Qxd4+
21. Be3 Qxd1+ 22. Rxd1 Nc5 23. Rdf1 b6 24. Bg5 Rce8 25. Bf6 Nd7 26. Nc7 Rc8 27.
Bxg7 Kxg7 28. e6 f6 29. Nd5 Nc5 30. e7 Rf7 31. Rxf6 Rxf6 32. Nxf6 Nxe7 33. Nh5+
Kg6 34. g4 Rc6 35. h4 Nd5 36. Rf5 Ne7 37. Rg5+ Kf7 38. Rg7+ Ke6 39. Rxh7 Ng6
40. Ng7+ Kf6 41. Nh5+ Ke5 42. Rh6 Rd6 43. Ng7 Ne4 44. Nf5 Rd1+ 45. Kg2 Nf4+ 46.
Kh2 Rd2+ 47. Kg1 Rg2+ 48. Kf1 Rxg4 49. Ne3 Rg3 0-1

[Event "4NCL/Div2/CHEDP vs. GUI3"]
[Site "Sunningdale ENG"]
[Date "2007.09.15"]
[Round "1.1"]
[White "Bellin, Robert"]
[Black "Tymrakiewicz, Rafal"]
[Result "1/2-1/2"]
[WhiteElo "2403"]
[BlackElo "2252"]
[PlyCount "54"]
[EventDate "2007.09.15"]
[EventType "team"]
[EventRounds "11"]
[EventCountry "ENG"]
[SourceDate "2007.09.15"]
[WhiteTeam "Cheddleton-Pointon"]
[BlackTeam "Guildford-A&DC 3"]

1. e4 Nf6 2. e5 Nd5 3. d4 d6 4. Nf3 Bg4 5. Be2 e6 6. O-O Be7 7. h3 Bh5 8. c4
Nb6 9. Nc3 O-O 10. Be3 d5 11. c5 Bxf3 12. gxf3 Nc8 13. f4 g6 14. Bd3 Bh4 15.
Qg4 f5 16. Qg2 Kh8 17. Kh1 Rg8 18. Rg1 Nc6 19. a3 Qf8 20. Qf3 Nd8 21. Rg2 Nf7
22. Nb5 Qe7 23. Rag1 a6 24. Nc3 Na7 25. Bc2 Nc6 26. b4 Na7 27. Bd3 Nc6 1/2-1/2

[Event "4NCL/Div2/CHEDP vs. GUI3"]
[Site "Sunningdale ENG"]
[Date "2007.09.15"]
[Round "1.2"]
[White "Abayasekera, Roger"]
[Black "Wallace, Paul A"]
[Result "0-1"]
[WhiteElo "2217"]
[BlackElo "2282"]
[PlyCount "90"]
[EventDate "2007.09.15"]
[EventType "team"]
[EventRounds "11"]
[EventCountry "ENG"]
[SourceDate "2007.09.15"]
[WhiteTeam "Guildford-A&DC 3"]
[BlackTeam "Cheddleton-Pointon"]

1. c4 e5 2. g3 g6 3. Bg2 Bg7 4. Nc3 d6 5. e3 Nc6 6. Nge2 h5 7. h4 Nf6 8. d4 O-O
9. d5 Na5 10. Qd3 c5 11. e4 a6 12. O-O Bd7 13. Bg5 Qe8 14. Nb1 b5 15. b3 Nh7
16. Bd2 bxc4 17. bxc4 Nxc4 18. Qxc4 Bb5 19. Qc2 Bxe2 20. Re1 Bb5 21. Na3 f5 22.
Nc4 Bxc4 23. Qxc4 f4 24. Rab1 g5 25. hxg5 Nxg5 26. Rb3 Qg6 27. Qc1 Bh6 28. Kh1
f3 29. Bf1 Ra7 30. Qa3 Nxe4 31. Rxe4 Bxd2 32. Bd3 Qg5 33. Bc2 Bc1 34. Qa5 Raf7
35. Qc3 Qh6 36. Qd3 Bg5 37. Kg1 h4 38. Rg4 Rg7 39. gxh4 Bxh4 40. Rxg7+ Qxg7+
41. Qg6 Qxg6+ 42. Bxg6 Rf4 43. Kf1 Kg7 44. Be8 e4 45. Rb6 Bxf2 0-1

[Event "4NCL/Div2/CHEDP vs. GUI3"]
[Site "Sunningdale ENG"]
[Date "2007.09.15"]
[Round "1.3"]
[White "Sharp, John R"]
[Black "Frostick, Clive A"]
[Result "0-1"]
[WhiteElo "2155"]
[BlackElo "2156"]
[PlyCount "110"]
[EventDate "2007.09.15"]
[EventType "team"]
[EventRounds "11"]
[EventCountry "ENG"]
[SourceDate "2007.09.15"]
[WhiteTeam "Cheddleton-Pointon"]
[BlackTeam "Guildford-A&DC 3"]

1. e4 c5 2. Nc3 e6 3. f4 d5 4. Bb5+ Nc6 5. Bxc6+ bxc6 6. d3 Ba6 7. b3 Nf6 8.
Qf3 c4 9. e5 cxd3 10. cxd3 Nd7 11. Bb2 Qa5 12. Nge2 Be7 13. O-O O-O 14. Qh3 g6
15. Rf3 Rae8 16. Kh1 Ba3 17. Bxa3 Qxa3 18. Rg1 f5 19. Qh6 Rf7 20. h4 Qf8 21.
Qg5 Qe7 22. Qg3 Rg7 23. Qf2 c5 24. g4 d4 25. gxf5 gxf5 26. Rxg7+ Kxg7 27. Rg3+
Kh8 28. Nd1 Qxh4+ 29. Kg1 Bb7 30. Kf1 Qh1+ 31. Ng1 Qh5 32. Nb2 Rg8 33. Rxg8+
Kxg8 34. Ke1 Nb6 35. Kd2 Nd5 36. Ne2 Bc6 37. Nc4 Bb5 38. Nd6 Ba6 39. a3 Qh3 40.
Ng3 h5 41. Qf3 Qg4 42. Qxg4+ hxg4 43. Ne2 Kh7 44. b4 cxb4 45. axb4 Nxb4 46.
Nxd4 Bxd3 47. Nxe6 g3 48. Ng5+ Kg8 49. e6 Kf8 50. Nc8 g2 51. e7+ Ke8 52. Nf3 a5
53. Kc3 Be4 54. Ng1 Nd5+ 55. Kd4 a4 0-1

[Event "4NCL/Div2/CHEDP vs. GUI3"]
[Site "Sunningdale ENG"]
[Date "2007.09.15"]
[Round "1.4"]
[White "Punnett, Alan K"]
[Black "Bennett, Patrick"]
[Result "1-0"]
[WhiteElo "2103"]
[BlackElo "2150"]
[PlyCount "47"]
[EventDate "2007.09.15"]
[EventType "team"]
[EventRounds "11"]
[EventCountry "ENG"]
[SourceDate "2007.09.15"]
[WhiteTeam "Guildford-A&DC 3"]
[BlackTeam "Cheddleton-Pointon"]

1. d4 Nf6 2. c4 g6 3. Nc3 Bg7 4. e4 d6 5. Nf3 O-O 6. Be2 e5 7. O-O Nc6 8. d5
Ne7 9. b4 Nh5 10. Re1 Nf4 11. Bf1 f5 12. Bxf4 fxe4 13. Bxe5 dxe5 14. Nxe4 Bg4
15. Be2 Rf4 16. Nfg5 Bd7 17. g3 Rf5 18. Bg4 h6 19. Ne6 Bxe6 20. dxe6 Rf8 21.
Qd7 h5 22. Bh3 Nc6 23. Rad1 Re8 24. Qf7+ 1-0

[Event "4NCL/Div2/CHEDP vs. GUI3"]
[Site "Sunningdale ENG"]
[Date "2007.09.15"]
[Round "1.5"]
[White "Harman, Kenneth B"]
[Black "Taylor, Mark"]
[Result "0-1"]
[WhiteElo "2173"]
[BlackElo "2150"]
[PlyCount "68"]
[EventDate "2007.09.15"]
[EventType "team"]
[EventRounds "11"]
[EventCountry "ENG"]
[SourceDate "2007.09.15"]
[WhiteTeam "Cheddleton-Pointon"]
[BlackTeam "Guildford-A&DC 3"]

1. d4 e6 2. e4 d5 3. Nc3 Bb4 4. e5 c5 5. a3 Bxc3+ 6. bxc3 Ne7 7. Bd3 Nbc6 8.
Qg4 Qc7 9. Nf3 Bd7 10. O-O c4 11. Be2 Nf5 12. Qh5 O-O-O 13. Qxf7 Rdf8 14. Qh5
h6 15. Qh3 g5 16. a4 Rfg8 17. g4 h5 18. Nxg5 hxg4 19. Qxg4 Rh4 20. Qg2 Rgh8 21.
h3 Qa5 22. Ra3 Rg8 23. f4 Nce7 24. Bg4 Qd8 25. Bd2 Qf8 26. Ra2 Qh6 27. Kf2 Ng6
28. Bxf5 Nxf4 29. Qg3 Rxg5 30. Bxf4 Rxf4+ 31. Qxf4 Rxf5 32. Qxf5 Qd2+ 33. Kg3
exf5 34. Rf3 Qc1 0-1

[Event "4NCL/Div2/CHEDP vs. GUI3"]
[Site "Sunningdale ENG"]
[Date "2007.09.15"]
[Round "1.6"]
[White "Howell, Christopher"]
[Black "McKenna, Jason P"]
[Result "1/2-1/2"]
[WhiteElo "2112"]
[BlackElo "2139"]
[PlyCount "101"]
[EventDate "2007.09.15"]
[EventType "team"]
[EventRounds "11"]
[EventCountry "ENG"]
[SourceDate "2007.09.15"]
[WhiteTeam "Guildford-A&DC 3"]
[BlackTeam "Cheddleton-Pointon"]

1. e4 g6 2. d4 Bg7 3. Be3 d6 4. Bd3 Nf6 5. f3 c6 6. c4 O-O 7. Qd2 e5 8. d5 cxd5
9. cxd5 Nbd7 10. Na3 Ne8 11. Bg5 f6 12. Bh4 Nc5 13. Bb5 Bd7 14. b4 Bxb5 15.
Nxb5 Na4 16. Qc2 Nb6 17. Bf2 f5 18. Ne2 fxe4 19. fxe4 Nf6 20. Bh4 Qd7 21. Bxf6
Qxb5 22. Bxg7 Qxb4+ 23. Qc3 Qxc3+ 24. Nxc3 Kxg7 25. Rf1 Nc4 26. Rxf8 Kxf8 27.
Rb1 b6 28. Nb5 a6 29. Nc7 Ra7 30. Ne6+ Ke7 31. Ke2 b5 32. Rf1 Ra8 33. Nc7 Ra7
34. Ne6 Nb6 35. Ng5 Ke8 36. Ne6 Rf7 37. Rxf7 Kxf7 38. Nc7 Na4 39. Nxa6 Nc3+ 40.
Kd3 Nxa2 41. Nc7 b4 42. Nb5 Ke7 43. Kc2 Kd7 44. h4 h5 45. Kb2 Nc3 46. Nxc3
bxc3+ 47. Kxc3 Kc7 48. Kc4 Kb6 49. Kb4 Ka6 50. Ka4 Kb6 51. Kb4 1/2-1/2

[Event "4NCL/Div2/CHEDP vs. GUI3"]
[Site "Sunningdale ENG"]
[Date "2007.09.15"]
[Round "1.7"]
[White "Berglitz, Regina H"]
[Black "Dreczkowski, Ryszard"]
[Result "1/2-1/2"]
[WhiteElo "2107"]
[BlackElo "2039"]
[PlyCount "59"]
[EventDate "2007.09.15"]
[EventType "team"]
[EventRounds "11"]
[EventCountry "ENG"]
[SourceDate "2007.09.15"]
[WhiteTeam "Cheddleton-Pointon"]
[BlackTeam "Guildford-A&DC 3"]

1. e4 Nf6 2. e5 Nd5 3. d4 d6 4. Nf3 Bg4 5. Be2 e6 6. O-O Be7 7. b3 O-O 8. c4
Nb6 9. Bb2 d5 10. Nbd2 c5 11. dxc5 Bxc5 12. Rc1 Be7 13. Qc2 Bf5 14. Qd1 Nc6 15.
Nd4 Bg6 16. cxd5 Nxd4 17. Bxd4 Nxd5 18. Nc4 Bg5 19. Ra1 Be7 20. f4 a6 21. Ne3
Rc8 22. Nxd5 Qxd5 23. Be3 Qe4 24. Bb6 Qb4 25. Qd4 Rc6 26. Qxb4 Bxb4 27. Be3 Be7
28. Rac1 Rfc8 29. Rxc6 Rxc6 30. Rc1 1/2-1/2

[Event "4NCL/Div2/CHEDP vs. GUI3"]
[Site "Sunningdale ENG"]
[Date "2007.09.15"]
[Round "1.8"]
[White "Hunt, Daniel"]
[Black "Hamblin, David J"]
[Result "1/2-1/2"]
[WhiteElo "1754"]
[BlackElo "2044"]
[PlyCount "69"]
[EventDate "2007.09.15"]
[EventType "team"]
[EventRounds "11"]
[EventCountry "ENG"]
[SourceDate "2007.09.15"]
[WhiteTeam "Guildford-A&DC 3"]
[BlackTeam "Cheddleton-Pointon"]

1. e4 c5 2. Nf3 d6 3. d4 cxd4 4. Nxd4 Nf6 5. Nc3 g6 6. Be3 Bg7 7. f3 O-O 8. Qd2
Nc6 9. O-O-O d5 10. exd5 Nxd5 11. Nxc6 bxc6 12. Bd4 Nxc3 13. Qxc3 Bh6+ 14. Be3
Bxe3+ 15. Qxe3 Qb6 16. Qxe7 Be6 17. Qa3 Rad8 18. Ba6 Qf2 19. g4 Rd5 20. Rhf1
Qxh2 21. Rxd5 Bxd5 22. Qe3 Rb8 23. f4 Qg2 24. Qxa7 Re8 25. Rg1 Qe4 26. f5 Qf4+
27. Kb1 Qxg4 28. fxg6 hxg6 29. b3 Qe6 30. Rf1 Re7 31. Qb8+ Kg7 32. Qf4 f5 33.
Bd3 Qe5 34. Qg5 Rf7 35. Rg1 1/2-1/2

[Event "4NCL/Div2/HKF2 vs. BARY"]
[Site "Sunningdale ENG"]
[Date "2007.09.15"]
[Round "1.1"]
[White "Forman, Karl L"]
[Black "Moore, John C"]
[Result "0-1"]
[WhiteElo "2034"]
[BlackElo "2052"]
[PlyCount "112"]
[EventDate "2007.09.15"]
[EventType "team"]
[EventRounds "11"]
[EventCountry "ENG"]
[SourceDate "2007.09.15"]
[WhiteTeam "Hilsmark Kingfisher 2"]
[BlackTeam "Barbican 4NCL 1"]

1. e4 e5 2. f4 Bc5 3. Nf3 d6 4. c3 Bg4 5. h3 Bxf3 6. Qxf3 Nf6 7. Bc4 Nc6 8. d3
Qe7 9. Be3 exf4 10. Bxc5 dxc5 11. O-O Ne5 12. Qxf4 Nxc4 13. dxc4 Qxe4 14. Qg5
O-O-O 15. Nd2 Qc2 16. Nb3 h6 17. Qxc5 Kb8 18. Nd4 Qa4 19. Rae1 Rhe8 20. Qb5
Qxb5 21. cxb5 Rxe1 22. Rxe1 Kc8 23. Kf2 g6 24. Kf3 Re8 25. Rxe8+ Nxe8 26. Ke4
Kd7 27. c4 Kd6 28. b4 f5+ 29. Kf4 Ng7 30. a4 Ne6+ 31. Nxe6 Kxe6 32. h4 b6 33.
c5 Kf6 34. a5 g5+ 35. hxg5+ hxg5+ 36. Ke3 Ke5 37. axb6 axb6 38. Kd3 f4 39. Ke2
g4 40. Kf2 Kd5 41. Ke2 bxc5 42. bxc5 Kxc5 43. Kd3 Kxb5 44. Ke4 c5 45. Kxf4 c4
46. Ke3 Kb4 47. Kd2 Kb3 48. Kc1 Kc3 49. g3 Kd3 50. Kd1 c3 51. Ke1 c2 52. Kf2
c1=Q 53. Kg2 Ke2 54. Kh2 Qh6+ 55. Kg2 Qh5 56. Kg1 Kf3 0-1

[Event "4NCL/Div2/HKF2 vs. BARY"]
[Site "Sunningdale ENG"]
[Date "2007.09.15"]
[Round "1.2"]
[White "Wells, Daniel"]
[Black "Tivillier, Jacques"]
[Result "1/2-1/2"]
[WhiteElo "2024"]
[BlackElo "1900"]
[PlyCount "58"]
[EventDate "2007.09.15"]
[EventType "team"]
[EventRounds "11"]
[EventCountry "ENG"]
[SourceDate "2007.09.15"]
[WhiteTeam "Barbican 4NCL 1"]
[BlackTeam "Hilsmark Kingfisher 2"]

1. e4 c5 2. Nf3 d6 3. d4 cxd4 4. Nxd4 Nf6 5. Nc3 a6 6. Bg5 e6 7. f4 Be7 8. Qf3
Qc7 9. O-O-O Nbd7 10. g4 b5 11. Bxf6 Bxf6 12. g5 Be7 13. f5 Bxg5+ 14. Kb1 Ne5
15. Qh5 Be3 16. fxe6 Bxd4 17. exf7+ Qxf7 18. Qxf7+ Nxf7 19. Rxd4 Be6 20. a4
bxa4 21. Rxa4 a5 22. Nb5 Kd7 23. Nd4 Ne5 24. Bb5+ Ke7 25. Rd1 g5 26. Nc6+ Nxc6
27. Bxc6 Ra6 28. Bb7 Ra7 29. Bd5 h6 1/2-1/2

[Event "4NCL/Div2/HKF2 vs. BARY"]
[Site "Sunningdale ENG"]
[Date "2007.09.15"]
[Round "1.3"]
[White "Foord, Dominic"]
[Black "Brett, Andrew"]
[Result "1-0"]
[WhiteElo "1950"]
[BlackElo "2075"]
[PlyCount "39"]
[EventDate "2007.09.15"]
[EventType "team"]
[EventRounds "11"]
[EventCountry "ENG"]
[SourceDate "2007.09.15"]
[WhiteTeam "Hilsmark Kingfisher 2"]
[BlackTeam "Barbican 4NCL 1"]

1. e4 e6 2. d4 d5 3. Nc3 Nc6 4. Nf3 Nf6 5. Bg5 Be7 6. e5 Ne4 7. Bxe7 Qxe7 8.
Nxe4 dxe4 9. Nd2 Nxd4 10. Nxe4 Nc6 11. Qg4 Qf8 12. O-O-O Nxe5 13. Qg3 f6 14.
Bb5+ Kf7 15. f4 Ng6 16. f5 Ne5 17. fxe6+ Kxe6 18. Rhe1 h6 19. Nxf6 gxf6 20.
Bc4+ 1-0

[Event "4NCL/Div2/HKF2 vs. BARY"]
[Site "Sunningdale ENG"]
[Date "2007.09.15"]
[Round "1.4"]
[White "O'Toole, George E"]
[Black "Shepherd, David"]
[Result "1/2-1/2"]
[WhiteElo "1974"]
[BlackElo "1895"]
[PlyCount "128"]
[EventDate "2007.09.15"]
[EventType "team"]
[EventRounds "11"]
[EventCountry "ENG"]
[SourceDate "2007.09.15"]
[WhiteTeam "Barbican 4NCL 1"]
[BlackTeam "Hilsmark Kingfisher 2"]

1. e4 e6 2. d4 d5 3. e5 c5 4. c3 Nc6 5. Nf3 Qb6 6. Be2 cxd4 7. cxd4 Nge7 8. Nc3
Nf5 9. Na4 Bb4+ 10. Bd2 Qa5 11. Bc3 O-O 12. g4 Bxc3+ 13. Nxc3 Nfe7 14. O-O Bd7
15. a3 Ng6 16. Bd3 Qd8 17. Ne2 Nh4 18. Nxh4 Qxh4 19. f3 f6 20. exf6 Rxf6 21.
Bb5 Raf8 22. Ng3 Qg5 23. Qd3 a6 24. Ba4 Rf4 25. Ne2 R4f7 26. Kg2 Na5 27. Bxd7
Rxd7 28. b3 Nc6 29. h4 Qe7 30. Ng3 Rf4 31. Ne2 Rf8 32. Rae1 Qxa3 33. Qe3 Qd6
34. Ng3 Rdf7 35. Qd2 Qf4 36. Qxf4 Rxf4 37. Rxe6 Nxd4 38. Re3 Nc6 39. Rd1 d4 40.
Red3 Ne5 41. Rxd4 Rxf3 42. Nf5 g6 43. Re1 gxf5 44. Rxe5 fxg4 45. Rxg4+ Kh8 46.
Re7 Rxb3 47. Rd4 Rg8+ 48. Kf2 Rbg3 49. Rxb7 Rg2+ 50. Kf3 R8g3+ 51. Ke4 Rg4+ 52.
Kd5 Rxd4+ 53. Kxd4 Rg4+ 54. Ke5 Rxh4 55. Kf6 Rf4+ 56. Kg5 Rc4 57. Rb8+ Kg7 58.
Rb7+ Kg8 59. Rb8+ Kf7 60. Rb7+ Ke8 61. Rxh7 Kd8 62. Kf5 Kc8 63. Ke5 Rc7 64.
Rxc7+ Kxc7 1/2-1/2

[Event "4NCL/Div2/HKF2 vs. BARY"]
[Site "Sunningdale ENG"]
[Date "2007.09.15"]
[Round "1.5"]
[White "Hogarth, Mark J"]
[Black "Franklin, Samuel"]
[Result "0-1"]
[WhiteElo "1918"]
[BlackElo "1917"]
[PlyCount "122"]
[EventDate "2007.09.15"]
[EventType "team"]
[EventRounds "11"]
[EventCountry "ENG"]
[SourceDate "2007.09.15"]
[WhiteTeam "Hilsmark Kingfisher 2"]
[BlackTeam "Barbican 4NCL 1"]

1. e4 c5 2. Nc3 Nc6 3. f4 g6 4. Nf3 Bg7 5. Bb5 Nd4 6. O-O Nh6 7. Nxd4 cxd4 8.
Ne2 O-O 9. d3 e6 10. Ng3 a6 11. Ba4 f5 12. Bb3 Qh4 13. Qf3 Rb8 14. Bd2 b5 15.
h3 Bb7 16. Rae1 Kh8 17. Qf2 Ng8 18. Bb4 Rfc8 19. Kh2 Nf6 20. Kg1 Ra8 21. Be7
Bf8 22. Bxf8 Rxf8 23. e5 Nd5 24. Bxd5 Bxd5 25. Kh2 Rac8 26. Re2 g5 27. fxg5 Rg8
28. Rg1 Rxg5 29. Nh1 Qxf2 30. Nxf2 Rcg8 31. g3 f4 32. g4 f3 33. Ree1 Rc8 34. h4
Rxc2 35. hxg5 Rxf2+ 36. Kg3 Rxb2 37. Ref1 Rxa2 38. Rxf3 Bxf3 39. Kxf3 Rc2 40.
Ra1 Rc6 41. Rh1 Kg7 42. Ke4 a5 43. Kxd4 a4 44. Rb1 Rb6 45. Kc5 Rb7 46. Kb4 Kg6
47. Rh1 Kxg5 48. Rxh7 Kxg4 49. d4 Kf4 50. Rh4+ Ke3 51. Rg4 Kd3 52. Rh4 Ra7 53.
Kxb5 a3 54. Kc5 a2 55. Rh3+ Ke4 56. Rh4+ Kf5 57. Rh5+ Kg6 58. Rh1 a1=Q 59. Rxa1
Rxa1 60. Kd6 Kf5 61. Kxd7 Rd1 0-1

[Event "4NCL/Div2/HKF2 vs. BARY"]
[Site "Sunningdale ENG"]
[Date "2007.09.15"]
[Round "1.6"]
[White "Anandajeyarajah, Thilagini"]
[Black "Shepherd, Katherine"]
[Result "1-0"]
[WhiteElo "1830"]
[BlackElo "1515"]
[PlyCount "57"]
[EventDate "2007.09.15"]
[EventType "team"]
[EventRounds "11"]
[EventCountry "ENG"]
[SourceDate "2007.09.15"]
[WhiteTeam "Barbican 4NCL 1"]
[BlackTeam "Hilsmark Kingfisher 2"]

1. e4 e6 2. d4 d5 3. Nc3 Nf6 4. e5 Nfd7 5. f4 c5 6. Nf3 Nc6 7. Be3 Qb6 8. Na4
Qa5+ 9. c3 cxd4 10. Nxd4 Nxd4 11. Qxd4 b5 12. b4 Qxa4 13. Bd3 Nb6 14. O-O Bd7
15. f5 exf5 16. Bxf5 Bxf5 17. Rxf5 Qa6 18. Raf1 Qb7 19. Qf4 O-O-O 20. Rxf7 Qb8
21. Qf5+ Nd7 22. e6 Bd6 23. exd7+ Kb7 24. Qxd5+ Kc7 25. Rd1 Rxd7 26. Qxd6+ Kb7
27. Rxd7+ Ka8 28. Qc6+ Qb7 29. Qxb7# 1-0